| 000 | 01683nam a2200373 i 4500 | ||
|---|---|---|---|
| 001 | 000046837 | ||
| 003 | DO-SdBNP | ||
| 005 | 20251029130036.0 | ||
| 007 | ta | ||
| 008 | 110224s2015 dr 000 0 spa d | ||
| 020 | _a9789945166927 | ||
| 040 |
_aDO-SdBNP _bspa _cBNPHU _erda |
||
| 041 | _aspa | ||
| 082 | 4 |
_a362.1097293 _bD983m _222 |
|
| 100 | 1 |
_aDuval Pérez, Marisela _d1951- _974785 _eautor _4aut. |
|
| 245 | 1 | 0 |
_aModelo de atención e inequidad en salud en República Dominicana / _cMarisela Duval Pérez ; prólogo, Walter Cordero. |
| 250 | _aPrimera edición | ||
| 264 | 1 |
_aSanto Domingo, República Dominicana : _bEditora Búho, S.R.L., _c2015 |
|
| 300 |
_a341 páginas : _bilustraciones, cuadros, mapa ; _c23 cm. |
||
| 336 |
_atexto _btxt _2rdacontent |
||
| 337 |
_asin mediación _bn _2sin mediación |
||
| 338 |
_avolumen _bnc _2rdacarrier |
||
| 500 | _aIncluye datos biográficos de la autora en las solapas. | ||
| 500 | _aIncluye referencias bibliográficas y notas al pie de páginas | ||
| 504 | _aBibliografía: páginas 327-341 | ||
| 505 | _aLa propuesta metodológica, 37 -- La construcción del bienestar como guía de la acción moderna, 65 -- El sistema de salud dominicano y la universalización de la salud,183 -- Condicionamientos y condiciones de inequidad del sistema de salud dominicano: resultados de un estudio cualitativo, 241 | ||
| 590 | _aInventariado, 2018/ YL | ||
| 650 | 7 |
_aInstituciones de salud _2LEMB _977849 |
|
| 650 | 7 |
_aSalud pública _2LEMB _956565 |
|
| 650 | 0 |
_aServicios nacionales de salud _988709 |
|
| 700 | 1 | 2 |
_aCordero, Walter _eprologuista _916854 _4pr. |
| 910 | _aValidado. Control de calidad MFF | ||
| 942 |
_2ddc _cLBS1 |
||
| 999 |
_c46326 _d46326 |
||